|
|
|
|
| LEADER |
00000nam a2200000 a 4500 |
| 001 |
vtls010119746 |
| 003 |
SK-MaSNL |
| 005 |
20260301030948.0 |
| 008 |
180731s2010 xo a b 000 0 slo |
| 015 |
|
|
|a SNBA2010/07-05007
|
| 020 |
|
|
|a 9788080893392
|q (viaz.)
|
| 040 |
|
|
|a SNK
|b slo
|c SNK
|e AACR2
|
| 041 |
1 |
|
|a slo
|h eng
|
| 044 |
|
|
|a xo
|c SK
|
| 072 |
|
7 |
|a 821-93
|x Literatúra pre deti a mládež
|2 konspekt
|
| 072 |
|
7 |
|a 74
|x Kresba. Umelecké remeslá
|2 konspekt
|
| 080 |
|
|
|a 741
|2 2001
|
| 080 |
|
|
|a (0.053.2)
|2 2001
|
| 080 |
|
|
|a (076.1)
|2 2001
|
| 130 |
0 |
|
|a I can draw - Princesses
|l Slovensky
|9 325662
|
| 245 |
0 |
0 |
|a Princezné
|b nakresli si podľa šablóny
|
| 250 |
|
|
|a 1. vyd.
|
| 260 |
|
|
|a Bratislava
|b Fragment
|c 2010
|
| 300 |
|
|
|a [17] s.
|b ilustr.
|c 22 x 25 cm
|
| 500 |
|
|
|a Kartónové listy s výrezmi šablón
|
| 521 |
|
|
|a Pre deti od 6 rokov
|
| 650 |
0 |
7 |
|a kreslenie
|2 SNKPH
|9 1239
|
| 655 |
|
7 |
|a publikácie pre deti
|2 SNKPH
|9 70148
|
| 655 |
|
7 |
|a pracovné zošity
|2 SNKPH
|9 70188
|
| 919 |
|
|
|a 978-80-8089-339-2
|
| 958 |
|
|
|a OP
|
| 968 |
|
|
|b ENG
|d 0
|
| 999 |
|
|
|c 575606
|d 577536
|
| 952 |
|
|
|a SNK
|b SNK
|y PREZ
|7 0
|p 17A0666687
|o snkOSC 25164
|i snk2010/16246
|8 0
|0 0
|1 0
|4 0
|d 2010-07-30
|l 0
|r 2026-02-23 14:31:12
|w 2026-02-23
|
| 952 |
|
|
|a SNK
|b SNK
|y PREZ
|7 0
|p 17A0666978
|o snkOSC 25164 D1
|i snk2010/16563
|8 0
|0 0
|1 0
|4 0
|d 2010-08-04
|l 0
|r 2026-02-23 14:31:12
|w 2026-02-23
|